| 000 | 00818cam a2200265 i 4500 | ||
|---|---|---|---|
| 001 | 23199340 | ||
| 005 | 20241204090805.0 | ||
| 008 | 230624s2023 paua 001 0 eng | ||
| 020 | _a9786277543051 | ||
| 040 | _cPK-LaUMT | ||
| 082 |
_a616.07 _bROB- |
||
| 245 | 1 | 0 |
_aRobbins & Kumar basic pathology / _cby Vinay Kumar, Abdul K. Abbas, Jon C. Aster, Andrea T. Deyrup and Abhijit Das |
| 250 | _a11th ed. | ||
| 260 |
_aSingapore : _bElsevier, _c2023 |
||
| 300 |
_aix, 828 p. : _billustrations (chiefly color) ; _c29 cm |
||
| 500 | _aIncludes index. | ||
| 650 | 0 |
_aPathology. _9274 |
|
| 650 | 1 | 2 |
_aPathologic Processes _93606 |
| 650 | 2 |
_aPathology _9274 |
|
| 650 | 7 |
_aPathology. _9274 |
|
| 700 | 1 |
_aAbbas, Abul K., _93607 |
|
| 700 | 1 |
_aAster, Jon C., _93608 |
|
| 700 | 1 |
_aDeyrup, Andrea T., _93609 |
|
| 942 | _cBK | ||
| 999 |
_c136201 _d136201 |
||